000 01203nam a2200277 a 4500
001 BRCA_157
005 20190320202914.0
008 010118s2001 caua---##b---#001-0#eng-#
020 _a0826324274
040 _aDLC
_cDLC
_dDLC
050 4 _aF1219.3
_b.F54 2001
100 1 _aFields, Virginia M.
_9602
245 1 0 _aThe Road to Aztlan
_bArt from a Mythic Homeland
_cVirginia Fields, Victor Zamudio-Taylor ; with contributions by Michèle Beltran ... [et al.].
260 _aLos Ángeles
_bLos Angeles County Museum of Art
_cc2001
300 _a424 p.
_bil. a color, mapas
_c25 cm.
500 _aCatálogo de la exposición realizada en Los Angeles County Museum of Art, 2001
504 _aBibliografía: p. 400-412
610 2 4 _aLos Angeles County Museum of Art
_vExposiciones
_zCalifornia (Estados Unidos)
_9603
650 1 4 _aAztlán
_vExposiciones
_9604
650 1 4 _aIndígenas de México
_vExposiciones
_xComercio
_9605
650 1 4 _aIndígenas de México
_vExposiciones
_xMigración
_9606
650 1 4 _aIndígenas de México
_vFuentes
_xHistoria
_9607
650 1 4 _aIndígenas de América del Norte
_vExposiciones
_xComercio
_zNuevo Sudoeste
_9608
700 1 _aZamudio-Taylor, Victor
_9609
942 _2lcc
_cB
999 _c136
_d136